000 00709nam a2200289Ia 4500
005 20260324112430.0
008 008 260324s9999 xx 000 0 eng d
020 _a9781003488637
037 _aEBOOK
040 _aCRL
040 _beng
040 _cCRL
041 _2eng
041 _aeng
084 _qCRL
100 _aJon Frederickson
_91142674
245 0 _aClinical Thinking in Psychotherapy
245 0 _bWhat It Is, How It Works, and Why and How to Teach It
260 _bTaylor and Francis
260 _c2024
365 _a
365 _b205
856 _uhttp://www.taylorfrancis.com/books/9781003488637
942 _cEBOOK
999 _c1731877
_d1731877